| 000 | 01155nac a22003011i 4500 | ||
|---|---|---|---|
| 003 | EG-ScBUE | ||
| 005 | 20260315095805.0 | ||
| 008 | 260214r20041985ii a f bd 001 0 eng d | ||
| 020 | _a8123909314 | ||
| 040 |
_aEG-ScBUE _beng _erda _cEG-ScBUE _dEG-ScBUE |
||
| 082 | 0 | 4 |
_a553.282 _bLEV _222 |
| 100 | 1 |
_aLevorsen, A. I. _q(Arville Irving), _d1894-1965, _eauthor. |
|
| 245 | 1 | 0 |
_aGeology of petroleum / _cA. I. Levorsen ; sections on hydrodynamics and capillary pressure revised and edited by Frederick A.F. Berry, University of California, Berkeley. |
| 250 | _aSecond edition. | ||
| 264 | 1 |
_aNew Delhi : _bCBS publishers & Distributors, _c2004. |
|
| 300 |
_ax, 724 pages : _billustrations ; _c25 cm. |
||
| 336 |
_2rdacontent _atext _btxt |
||
| 337 |
_aunmediated _2rdamedia _bn |
||
| 338 |
_avolume _bnc _2rdacarrier |
||
| 490 | 0 | _aA series of books in Geology | |
| 500 | _aIncludes glossary. | ||
| 500 | _aIncludes appendix. | ||
| 504 | _aIncludes bibliographical references and index. | ||
| 650 | 7 |
_aPetroleum _xGeology. _2BUEsh |
|
| 655 | _vReading book | ||
| 700 | 1 |
_aBerry, Frederick A. F. _q(Frederick Almet Fulghum), _eeditor. |
|
| 942 |
_cBB _2ddc |
||
| 999 |
_c8694 _d8694 |
||